Statistics for 2022 MLB Trade Deadline

Click here to take the quiz!

General Stats

  • This quiz has been taken 50 times
  • The average score is 25 of 133

Answer Stats

Player% Correct
Juan Soto
90%
Josh Bell
73%
Josh Hader
65%
Joey Gallo
60%
CJ Abrams
58%
Harrison Bader
55%
Jorge Lopez
55%
Luis Castillo
55%
Maximo Castillo
55%
Frankie Montas
53%
MacKenzie Gore
53%
Brandon Marsh
50%
Eric Hosmer
48%
Jordan Montgomery
48%
Luke Voit
48%
Darin Ruf
45%
Will Smith
45%
Tommy Pham
43%
Andrew Benintendi
40%
Noah Syndergaard
40%
Trey Mancini
40%
Brandon Drury
38%
Christian Vazquez
38%
JD Davis
38%
Taylor Rogers
38%
Tyler Mahle
38%
David Robertson
35%
David Peralta
33%
Jose Quintana
33%
Jose Siri
33%
Lou Trivino
33%
Noelvi Marte
33%
Anthony Bass
30%
Jake Odorizzi
30%
James Wood
30%
Raisel Iglesias
30%
Whit Merrifield
30%
Mickey Moniak
28%
Robbie Grossman
28%
Dinelson Lamet
25%
Jordan Groshans
25%
Logan O'Hoppe
25%
Scott Effross
25%
Tyler Naquin
25%
Zach Pop
25%
Chris Martin
23%
Robert Hassell
23%
Edmundo Sosa
20%
Chris Stratton
18%
Jake Diekman
18%
Mychal Givens
18%
Reese McGuire
18%
Ehire Adrianza
15%
Esteury Ruiz
15%
JP Sears
15%
Matt Bush
15%
Seth Johnson
15%
Tucker Davidson
15%
Yennier Cano
15%
Antoine Kelly
13%
Christian Encarnacion-Strand
13%
Curt Casali
13%
Hector Rodriguez
13%
Jesse Chavez
13%
Michael Fulmer
13%
Michael White
13%
Austin Allen
10%
Emmanuel Rivera
10%
Jake Lamb
10%
JoJo Romero
10%
Ken Waldichuk
10%
Mark Mathias
10%
Samad Taylor
10%
Sandy Leon
10%
Tristan Peters
10%
Zach McKinstry
10%
Clayton Beeter
8%
Edwin Arroyo
8%
Emmanuel Valdez
8%
Johan Oviedo
8%
Juan Rojas
8%
Luis Medina
8%
Luke Weaver
8%
Sawyer Gipson-Long
8%
Spencer Steer
8%
Trey Harris
8%
Wilyer Abreu
8%
Andy Thomas
5%
Austin Romine
5%
Ben Brown
5%
Cameron Gallagher
5%
Christian Cerda
5%
Cooper Bowman
5%
Carlos Guarate
5%
Dixon Machado
5%
Jarlin Susana
5%
Jason Groome
5%
Jayden Murray
5%
Jeremy Beasley
5%
Jose Acuna
5%
Juan Nunez
5%
Levi Stoudt
5%
Malcom Nunez
5%
Matt Boyd
5%
Phillip Diehl
5%
Robert Gasser
5%
Thomas Szapucki
5%
Trevor Rosenthal
5%
Victor Acosta
5%
Andrew Moore
3%
Brent Rooker
3%
Cade Povich
3%
Chayce McDermott
3%
Hayden Wesneski
3%
Ian Hamilton
3%
Jadiel Sanchez
3%
Kris Anglin
3%
Nick Zwack
3%
Raynel Espinal
3%
Alex DeJesus
0%
Anthony Misiewicz
0%
Carson Seymour
0%
Corey Rosier
0%
Ford Proctor
0%
Garrett Cleavinger
0%
German Tapia
0%
Jeremy Walker
0%
Max Ferguson
0%
Michael Stryffeler
0%
Moises Brito
0%
Nick Frasso
0%
Saul Gonzalez
0%
Steven Hajjar
0%

Score Distribution

Percentile by Number Answered

Percent of People with Each Score

Your Score History

You have not taken this quiz